Prebudovanie informačných systémov pre trhovú ekonomiku v agrokomplexe.

Stručná história automatizovaných informačných systémov. Zmena informačných potrieb v podmienkach trhovej ekonomiky. Rozvoj pružných informačných systémov v agrokomplexe. Informačný systém pre trhovú reguláciu. Štandardizácia obsahu dátových fondov. Zmeny v obsahu informačných služieb.

Saved in:
Bibliographic Details
Main Author: Cvečko, J.
Format: Book Chapter
Language:Slovak
Subjects:
Tags: Add Tag
No Tags, Be the first to tag this record!

MARC

LEADER 00000naa a2200000 4500
001 r008280
005 20220831091129.5
041 0 |a slo 
044 |a [CS] 
245 1 0 |a Prebudovanie informačných systémov pre trhovú ekonomiku v agrokomplexe.  |c J. Cvečko 
520 |a Stručná história automatizovaných informačných systémov. Zmena informačných potrieb v podmienkach trhovej ekonomiky. Rozvoj pružných informačných systémov v agrokomplexe. Informačný systém pre trhovú reguláciu. Štandardizácia obsahu dátových fondov. Zmeny v obsahu informačných služieb. 
610 2 0 |a agrokomplex 
610 2 0 |a AIS 
610 2 0 |a hospodárstvo trhové 
610 2 0 |a systémy výrobné pružné 
610 2 0 |a výstavba systémov informačných 
610 2 0 |a regulácia trhu 
610 2 0 |a systémy informačné 
610 2 0 |a báza dát 
610 2 0 |a štandardizácia 
610 2 0 |a služby informačné 
100 1 |a Cvečko, J.